| 000 | 00413cam a2200169ua 4500 | ||
|---|---|---|---|
| 041 |
_aeng _h |
||
| 082 |
_a005.369 _bRAK/IN |
||
| 100 | _aRaker, Daniel . | ||
| 245 |
_aInside Autocad / _cDaniel Raker. _hTextual Documents |
||
| 250 |
_a5 / _b. |
||
| 260 |
_aDubai : _bMicro- Tech publications , _c1989. |
||
| 300 | _a811 ; . | ||
| 504 | _a | ||
| 700 | 1 | _aRice, Herbert . | |
| 942 | _cBK | ||
| 999 |
_c9083 _d9083 |
||